000 00430 a2200145 4500
999 _c6278
_d6278
020 _a9780340983973
050 _aTX 551 TULL 2009
100 _aTull, Anita
_eauthor
245 _aHome Economics :
_b OCR Food and nutrion for GCSE /
_cAnita Tull
264 _aU.K:
_bHodder Education,
_c2009
300 _a244p.:
_bill.(col.)
500 _aIncludes index
650 _aPrinciples of food and nutrition
942 _2lcc
_cBK
_h551
_iTUL
_kTX